MEDICINAL PLANTS IN INDIA IMPORTANCE AND CULTIVATION VOL-1 (Record no. 370658)

MARC details
000 -LEADER
fixed length control field 00423nam a22001577a 4500
005 - DATE AND TIME OF LATEST TRANSACTION
control field 20250903144754.0
008 - FIXED-LENGTH DATA ELEMENTS--GENERAL INFORMATION
fixed length control field 220624b |||||||| |||| 00| 0 eng d
020 ## - INTERNATIONAL STANDARD BOOK NUMBER
International Standard Book Number 978-93-88668-09-5
040 ## - CATALOGING SOURCE
Original cataloging agency OCLC
Transcribing agency OCLC
082 ## - DEWEY DECIMAL CLASSIFICATION NUMBER
Edition number 1
Classification number 581.634
Item number GHO
100 ## - MAIN ENTRY--PERSONAL NAME
Dates associated with a name S N GHOSH
245 ## - TITLE STATEMENT
Title MEDICINAL PLANTS IN INDIA IMPORTANCE AND CULTIVATION VOL-1
250 ## - EDITION STATEMENT
Edition statement 1
260 ## - PUBLICATION, DISTRIBUTION, ETC. (IMPRINT)
Place of publication, distribution, etc. NEWDELHI
Name of publisher, distributor, etc. JAYA PUBLISHING HOUSE
942 ## - ADDED ENTRY ELEMENTS (KOHA)
Source of classification or shelving scheme Dewey Decimal Classification
Koha item type Books (General)
Holdings
Withdrawn status Lost status Source of classification or shelving scheme Damaged status Not for loan Home library Current library Date acquired Total Checkouts Full call number Barcode Date last seen Date checked out Price effective from Koha item type Collection code Shelving location
    Dewey Decimal Classification     College of Agriculture, Vellayani College of Agriculture, Vellayani 24/06/2022 1 581.634 GHO KAU_COAV-31268 05/03/2025 04/02/2025 24/06/2022 Books (General)    
    Dewey Decimal Classification     College of Agriculture, Vellayani College of Agriculture, Vellayani 25/08/2022   581.634 GHO KAU_COAV-31570 25/08/2022   25/08/2022 Reference Book Reference Book Reference
Kerala Agricultural University Central Library
Thrissur-(Dt.), Kerala Pin:- 680656, India
Ph : (+91)(487) 2372219
E-mail: librarian@kau.in
Website: http://library.kau.in/